01619nam a22001577a 4500999001900000008004100019100005100060245007500111260002900186300003200215520099200247650007901239773002901318942000701347952010701354 c530961d530961250722b ||||| |||| 00| 0 eng d aSlingenberg, Lieneke and Vols, Michel 955504 aIntroduction to the special issue: Social control, housing and the law aSocial & Legal Studies  a34(3), Jun, 2025: p.309-319 aIn this special issue on housing and social control, we explore the relationship between these two concepts through a socio-legal perspective. We investigate how law plays a role in shaping and assessing the connection between housing and social control, by, on the one hand, serving as an instrument of social control, and, on the other hand, acting as a limitation on the ability to impose social control. In addition to this dual function of the law, we identify four scenarios where social control and housing intersect, ranging from the complete absence of housing, to access to, occupation of and eviction from housing. The contributions to the special issue have a wide geographical scope (including case studies from Europe, America, Africa and Australia); each deals with one or more of these four scenarios, and they each underline one or both of the two functions of law as regards social control.- Reproduced https://journals.sagepub.com/doi/full/10.1177/09646639251329809  aSocial control, Housing, Homelessness, Right to housing, Eviction. 955505 aSocial & Legal Studies  cAR 00102ddc40709406160aIIPAbIIPAd2025-07-22h34(3), Jun, 2025: p.309-319pAR136682r2025-07-22yAR